00966nam a22002177a 4500999001700000003000900017008004100026040007100067082002000138110007300158245005900231260007400290300004300364440003100407505010600438650003700544650003200581942001600613945002000629952009900649  c15951d15951AR-CdUCM190430b           ||||| |||| 00| 0 spa d  aMUNICIPALIDAD PROVINCIAL DEL CUSCOcBIBLIOTECA MUNICIPAL DEL CUSCO  aEP / 398 /bP26  aMinisterio de educación, unidad de servicios educativos 05.935172  aRed educativa n° 5 :bUSE 05 San Juan de Lurigancho /  aPeru :bMinisterio de educación, unidad de servicios educativos 05,  a31 páginas ;c29 cm.bIlustraciones.  aPara leer, gozando.935173  aContenido :La sierra -- Mi viaje -- Mi jardín ideal -- El payasito triste -- La hija de Jacinta ...  aDerecho a la educación.935174  aEducación primaria.91561  2ddccLIBROS  arumd2019-04-30  002ddc4070aSIbSIcCHILDd2019-04-30g10.00oEP / 398 / P26pSI00004190r2019-04-30yLIBROS